[Event "Stuttgart-chB int"]
[Site "Ditzingen"]
[Date "2014.05.31"]
[Round "7"]
[White "Schmidt, Heiko"]
[Black "Fischer, Reinhardt"]
[Result "1-0"]
[WhiteElo "1578"]
[BlackElo "1756"]
[PlyCount "115"]
[EventDate "2014.05.29"]
[EventType "swiss"]
[EventRounds "7"]
[EventCountry "GER"]
[SourceTitle "EXT 2015"]
[Source "ChessBase"]
[SourceDate "2014.11.20"]
[SourceVersion "1"]
[SourceVersionDate "2014.11.20"]
[SourceQuality "1"]

1. d4 Nf6 2. Nf3 g6 3. Bf4 Bg7 4. e3 0-0 5. c4 d6 6. Nc3 Nh5 7. Bg3 c5 8. Be2 Nd7 9. Ng5 Nxg3 10. hxg3 h6 11. Nf3 a6 12. Qd2 Nf6 13. Nh2 cxd4 14. exd4 Bd7 15. g4 Nh7 16. Rd1 Qa5 17. b3 Bc6 18. Bf3 Bxf3 19. Nxf3 b5 20. Nd5 Qxd2+ 21. Rxd2 e6 22. Ne7+ Kh8 23. g5 Rfe8 24. Nc6 Rac8 25. Na5 e5 26. gxh6 Bf6 27. d5 e4 28. Nd4 e3 29. fxe3 Rxe3+ 30. Kd1 Re4 31. Nac6 bxc4 32. bxc4 Bxd4 33. Nxd4 Rxc4 34. Nf3 Rb4 35. Rc2 Rb1+ 36. Rc1 Rxc1+ 37. Kxc1 Rg4 38. Re1 Nf6 39. Re7 Kg8 40. Ra7 Rxg2 41. Rxa6 Ne4 42. a4 Rg3 43. Nd4 Rd3 44. Nc6 Rxd5 45. Ne7+ Kh7 46. Nxd5 Kxh6 47. a5 g5 48. Nf6 Nxf6 49. Rxd6 Kg6 50. Rxf6+ Kxf6 51. a6 g4 52. a7 Kg5 53. a8Q f5 54. Qg2 f4 55. Kd2 Kh4 56. Qh2+ Kg5 57. Kd3 Kf5 58. Qh5+ 1-0

[Event "Stuttgart-chB int"]
[Site "Ditzingen"]
[Date "2014.05.29"]
[Round "3"]
[White "Schmidt, Heiko"]
[Black "Lehmann, Stefan"]
[Result "0-1"]
[WhiteElo "1578"]
[BlackElo "1866"]
[PlyCount "50"]
[EventDate "2014.05.29"]
[EventType "swiss"]
[EventRounds "7"]
[EventCountry "GER"]
[SourceTitle "EXT 2015"]
[Source "ChessBase"]
[SourceDate "2014.11.20"]
[SourceVersion "1"]
[SourceVersionDate "2014.11.20"]
[SourceQuality "1"]

1. d4 Nf6 2. Nf3 g6 3. Bf4 Bg7 4. e3 0-0 5. Be2 d6 6. c3 Nfd7 7. Nbd2 e5 8. Bg5 f6 9. Bc4+ Kh8 10. Bh4 Nc6 11. Ng1 Qe8 12. Ne2 Nb6 13. Bd3 Bd7 14. f3 exd4 15. exd4 Nd5 16. Bf2 Nf4 17. Ne4 Nxg2+ 18. Kf1 Bh3 19. Kg1 d5 20. Qd2 dxe4 21. Bxe4 f5 22. Bd5 f4 23. Be4 Qe7 24. Ng3 Nh4 25. Re1 Qxe4 0-1

[Event "Stuttgart-chB int"]
[Site "Ditzingen"]
[Date "2009.05.22"]
[Round "4"]
[White "Hartmann, Anatoli"]
[Black "Schmidt, Heiko"]
[Result "0-1"]
[WhiteElo "1642"]
[BlackElo "1493"]
[PlyCount "146"]
[EventDate "2009.05.21"]
[EventType "swiss"]
[EventRounds "7"]
[EventCountry "GER"]
[SourceTitle "EXT 2018"]
[Source "ChessBase"]
[SourceDate "2017.10.13"]
[SourceVersion "1"]
[SourceVersionDate "2017.10.13"]
[SourceQuality "1"]

1. d4 b6 2. Bf4 Bb7 3. e3 Nf6 4. Nc3 e6 5. Nf3 Bb4 6. Bd3 Nd5 7. Qd2 Nxf4 8. exf4 Bxf3 9. gxf3 Qf6 10. a3 Bxc3 11. bxc3 Nc6 12. Qe3 0-0 13. Bb5 Rad8 14. Bd3 Ne7 15. c4 d5 16. Qe5 Qxe5+ 17. dxe5 dxc4 18. Bxc4 Rd4 19. Bd3 Rxf4 20. Be4 Ng6 21. Ke2 Nxe5 22. Ke3 Rf6 23. h4 Rd8 24. Rad1 Nc4+ 25. Ke2 Rd6 26. Rd3 Rxd3 27. Bxd3 Nd6 28. h5 Rh6 29. c4 Ne8 30. Rh4 c5 31. Rh1 Nf6 32. Ke3 Rxh5 33. Rb1 Nd7 34. f4 Rh3+ 35. f3 g6 36. a4 Rh2 37. Be2 Rh5 38. Rd1 Nf8 39. Rd8 Rh1 40. Ra8 Ra1 41. Rxa7 h5 42. Rb7 Rxa4 43. Rxb6 Ra5 44. Rb7 Kg7 45. Bd3 h4 46. Rb2 f6 47. Rb7+ Kh6 48. Rb8 Nh7 49. Rb6 h3 50. Rb2 e5 51. fxe5 fxe5 52. Rb6 h2 53. Rxg6+ Kh5 54. Rg7 Ng5 55. Rg8 Ra6 56. Be2 Ra3+ 57. Bd3 Kh4 58. Kf2 Nh3+ 59. Ke3 h1Q 60. Rh8+ Kg5 61. Rg8+ Kf6 62. Rg6+ Kf7 63. Ke4 Qe1+ 64. Kf5 Rxd3 65. Rf6+ Ke7 66. f4 Rf3 67. Re6+ Kd7 68. Ra6 Rxf4+ 69. Kg6 Qg3+ 70. Kh7 Rh4+ 71. Rh6 Ng5+ 72. Kg7 Ne6+ 73. Kh7 Qg7# 0-1